On new ground : contemporary Hispanic-American plays = El nuevo terreno: hispanoamericana contemporánea: reproducciomes /
Sparad:
| Huvudupphovsman: | |
|---|---|
| Materialtyp: | Okänd |
| Språk: | English |
| Publicerad: |
New York :
Theatre Communications Group,
1987.
|
| Ämnen: | |
| Taggar: |
Lägg till en tagg
Inga taggar, Lägg till första taggen!
|
MARC
| LEADER | 000000000a22000000004500 | ||
|---|---|---|---|
| 001 | 015212 | ||
| 020 | |a 0930452682 | ||
| 041 | 0 | |a eng | |
| 082 | 0 | 4 | |a 812 |b A445n |
| 100 | 1 | |a Osborn, M. Elizabeth | |
| 245 | 1 | 3 | |a On new ground : |b contemporary Hispanic-American plays = El nuevo terreno: hispanoamericana contemporánea: reproducciomes / |c M. Elizabeth Osborn. |
| 246 | 3 | 1 | |a El nuevo terreno: hispanoamericana contemporánea: reproducciomes |
| 260 | 1 | |a New York : |b Theatre Communications Group, |c 1987. | |
| 300 | |a viii, 280 páginas : |b retratos ; |c 23 cm. | ||
| 650 | 4 | |a DRAMA AMERICANO | |
| 650 | 4 | |a NORTEAMERICANOS | |
| 650 | 4 | |a SIGLO XXESTADOUNIDENSES | |
| 650 | 4 | |a AUTORES HISPANOS | |
| 650 | 4 | |a TEATRO | |
| 500 | |a Colección George Yúdice | ||
| 999 | |c 21070 |d 21070 | ||
| 942 | |c BK |h 812 A445n |2 z | ||



